<?xml version="1.0" encoding="UTF-8"?>
<collection xmlns="http://www.loc.gov/MARC21/slim">
  <record>
    <leader>00000nam  2200000   4500</leader>
    <controlfield tag="001">INLIS000000000015770</controlfield>
    <controlfield tag="005">20230901030104</controlfield>
    <datafield tag="035" ind1="#" ind2="#">
      <subfield code="a">0010-0923000011</subfield>
    </datafield>
    <datafield tag="245" ind1="1" ind2="#">
      <subfield code="a">Kolaborasi Multipihak Dalam Pemulihan Sarana Prasarana Vital Berbasis Sistem Klaster Pada Penanganan Darurat Bencana di Indonesia (Kompas Emas) /</subfield>
      <subfield code="c">Zaenal Arifin</subfield>
    </datafield>
    <datafield tag="100" ind1=" " ind2="#">
      <subfield code="a">Zaenal Arifin</subfield>
    </datafield>
    <datafield tag="250" ind1="#" ind2="#">
      <subfield code="a">1</subfield>
    </datafield>
    <datafield tag="300" ind1="#" ind2="#">
      <subfield code="a">37 halaman. :</subfield>
      <subfield code="b">ilus ;</subfield>
      <subfield code="c">30 cm</subfield>
    </datafield>
    <datafield tag="856" ind1="#" ind2="#">
      <subfield code="a">Perpustakaan LAN Pusat</subfield>
    </datafield>
    <datafield tag="260" ind1="#" ind2="#">
      <subfield code="a">Jakarta :</subfield>
      <subfield code="b">Pusbangkom Pimnas dan Manajerial ASN,</subfield>
      <subfield code="c">2022</subfield>
    </datafield>
    <datafield tag="084" ind1="#" ind2="#">
      <subfield code="a">R 171 PIM II 2022</subfield>
    </datafield>
    <datafield tag="650" ind1="#" ind2="4">
      <subfield code="a">Bencana</subfield>
    </datafield>
    <datafield tag="520" ind1="#" ind2="#">
      <subfield code="a">Proyek perubahan optimalisasi penanganan darurat bencana melalui sistem operasi dukungan infrastruktur darurat, ditujukan untuk dapat mengatasi permasalahan utama dalam penanganan darurat bencana yaitu pengerahan dukungan infrastruktur darurat.Output dan outcome adalah pedoman pemulihan sarana dan prasarana vital (pembersihan lingkungan, identifikasi/verifikasi dan pemantauan dan evaluasi) serta peraturan BNPB tentang Klaster Sarana Prasarana yang akan dijadikan acuan dan pedoman bagi BNPB, Kementerian/Lembaga terkait serta pemerintah daerah dalam melaksanakan penanganan darurat bencana. Kemudian didukung dengan teknologi informasi berupa aplikasi sistem informasi pemulihan sarana prasarana vital (aplikasi KOMPAS EMAS) yang akan mengoptimalkan pelaksanaan penanganan darurat bencana.</subfield>
    </datafield>
    <datafield tag="990" ind1="#" ind2="#">
      <subfield code="a">171</subfield>
    </datafield>
  </record>
</collection>
